000 00631nam a2200265Ia 4500
005 20260324153410.0
008 008 260324s9999 xx 000 0 eng d
020 _a9780443141546
037 _aEBOOK
040 _aCRL
040 _beng
040 _cCRL
041 _2eng
041 _aeng
084 _qCRL
100 _aDavid Borge-Diez
_91231300
245 0 _aSustainable Energy Planning in Smart Grids
260 _bElsevier
260 _c2023
650 _aEnergy
856 _uhttps://www.sciencedirect.com/science/book/9780443141546
942 _cEBOOK
999 _c1842766
_d1842766